00444nam a2200169Ia 4500003000400000005001700004008004100021020001800062040000700080041000800087082002400095100004200119245004700161260004000208300001800248365000800266OSt20230517160443.0210423s2013 xx 000 0 und d a9788173718298 cAL aeng a616.079028 GANS223 aGANGAL (Sudha); SONTAKKE (Shubhangi). aTextbook of basic and clinical immunology. aNew DelhibUniversities Pressc2013 axxxix,531bPB cINR